Los pecados de Inés de Hinojosa / (Registro nro. 15560)
[ vista simple ]
| 000 -LEADER | |
|---|---|
| fixed length control field | 00956nam a2200241 4500 |
| 003 - CONTROL NUMBER IDENTIFIER | |
| control field | OSt |
| 005 - DATE AND TIME OF LATEST TRANSACTION | |
| control field | 20250416101248.0 |
| 008 - FIXED-LENGTH DATA ELEMENTS--GENERAL INFORMATION | |
| fixed length control field | 210806s2003 ck ||||gr|||| 00| 0 spa d |
| 020 ## - INTERNATIONAL STANDARD BOOK NUMBER | |
| International Standard Book Number | 9587060253 |
| 040 ## - CATALOGING SOURCE | |
| Original cataloging agency | CO-JMCR |
| Transcribing agency | CO-JMCR |
| 041 0# - LANGUAGE CODE | |
| Language code of text/sound track or separate title | spa |
| 082 04 - DEWEY DECIMAL CLASSIFICATION NUMBER | |
| Classification number | A-N |
| Item number | MORp |
| Edition number | 23 |
| 100 1# - MAIN ENTRY--PERSONAL NAME | |
| Personal name | Morales Pradilla, Próspero, |
| Relator term | autor |
| 9 (RLIN) | 39149 |
| 245 14 - TITLE STATEMENT | |
| Title | Los pecados de Inés de Hinojosa / |
| Statement of responsibility, etc. | Próspero Morales Pradilla |
| 260 ## - PUBLICATION, DISTRIBUTION, ETC. | |
| Place of publication, distribution, etc. | Bogotá : |
| Name of publisher, distributor, etc. | El Tiempo : |
| Date of publication, distribution, etc. | 2003. |
| 300 ## - PHYSICAL DESCRIPTION | |
| Extent | 330páginas ; |
| Dimensions | 23 cm. |
| 490 1# - SERIES STATEMENT | |
| Series statement | Biblioteca El Tiempo |
| 500 ## - GENERAL NOTE | |
| General note | Datos biográficos del autor en tapa posterior. |
| 520 0# - SUMMARY, ETC. | |
| Summary, etc. | Inés de Hinojosa fue la mujer más bella de su tiempo. También la más desdichada, la más inteligente y la más perversa, como nos lo cuenta Juan Rodríguez Freile en su crónica inmortal de El carnero . |
| 650 14 - SUBJECT ADDED ENTRY--TOPICAL TERM | |
| Topical term or geographic name entry element | Novela |
| Form subdivision | Serie Colombiana |
| 9 (RLIN) | 39150 |
| 650 24 - SUBJECT ADDED ENTRY--TOPICAL TERM | |
| Topical term or geographic name entry element | Mujeres en la literatura |
| Form subdivision | Serie colombiana |
| 9 (RLIN) | 39151 |
| 942 ## - ADDED ENTRY ELEMENTS (KOHA) | |
| Source of classification or shelving scheme | Dewey Decimal Classification |
| Koha item type | Books |
| Withdrawn status | Lost status | Source of classification or shelving scheme | Damaged status | Not for loan | Home library | Current library | Shelving location | Date acquired | Source of acquisition | Full call number | Barcode | Date last seen | Copy number | Price effective from | Koha item type |
|---|---|---|---|---|---|---|---|---|---|---|---|---|---|---|---|
| Dewey Decimal Classification | Biblioteca Pública José María del Castillo y Rada | Biblioteca Pública José María del Castillo y Rada | General Stacks | 08/06/2021 | Donación | A-N MORp | 201811119 | 08/06/2021 | Ej.1 | 08/06/2021 | Books |